000 00695nam a2200241Ia 4500
003 OSt
005 20220927105205.0
006 a|||||r|||| 00| 0
007 ta
008 220926b |||||||| |||| 00| 0 eng d
024 _a159360
037 _cReference Collections
040 _aRTL
_cRTL
_beng
041 _2eng
_aeng
082 _a"X71 m273,N26.N88, M8.1"
110 _aBIHAR (Government of-)
_9370732
245 0 _aBudget
_b Income and expenditure
260 _aPatna
_bGovernment of Bihar
_c1988
300 _a30p
_ccm.
700 _aBIHAR (Government of-)
_9370733
942 _h"X71 m273,N26.N88, M8.1"
_cCC
999 _c691049
_d691049